| 000 | 00792nam a2200265 a 4500 | ||
|---|---|---|---|
| 001 | nice12345678 | ||
| 003 | IN_TiNIC | ||
| 005 | 20260116011702.0 | ||
| 008 | 050524s1913 oxfa grp 000 0 eng | ||
| 020 |
_a _c100 |
||
| 082 | 0 | 0 |
_a229.07 _bCHA |
| 100 | _aCharles, R H | ||
| 245 | _aApocrypha and Pseudepigrapha of the New Testament in English | ||
| 260 |
_aOxford _bClarendon Press _c1913 |
||
| 300 | _a683 | ||
| 500 | _aincludes index and biblioraphy | ||
| 505 | 2 | _a3 Vols. Bound Together | |
| 505 | 2 |
_a3 Vols. Bound Together00 _gV1. _tApocrypha and Pseudepigrapha of the New Testament in English.-- _gV2. _tApocrypha and Pseudepigrapha of the |
|
| 650 | _aApocrypha | ||
| 650 | _aPseudepigraphe | ||
| 700 | 1 | _aCharles, R H | |
| 902 | _bSRS | ||
| 942 | _cBK | ||
| 999 |
_c3403 _d3403 |
||